00000000cem 2200000zi 4500
0019.962546
003CaOODSP
00520260505153720
006m     o  d f      
007cr |||||||||||
007aj cznzn
008260504s1982    onc|   dl a  fo |   eng|d
0341 |aa|b1000000|dW0880000|eW0470000|fN0770000|gN0490000
040 |aCaOODSP|beng|erda|cCaOODSP
043 |an-cn-nu
0861 |aM183-2/839E-PDF
1102 |aGeological Survey of Canada.|ecartographer, |eissuing body.
24510|aFree air gravity anomaly map of Baffin Bay and Davis Strait between 78°N and 62°N.
255 |aScale 1:1,000,000 ; |bLambert conformal projection |c(W 88°00'--W 47°00'/N 77°00'--N 49°00')
264 1|a[Ottawa] : |bGeological Survey of Canada, |c[1982]
300 |a1 online resource (1 map on 2 sheets)
336 |acartographic image|2rdacontent
337 |acomputer|2rdamedia
338 |aonline resource|2rdacarrier
4901 |aOpen file ; |v839
500 |a"Compiled by S.P. Srivastava."
520 |a"The gravity values shown here are referenced to the International Gravity Standardisation Net 1971 (IGSN 71) datum and free air anomalies were calculated by subtracting the theoretical values based on the Geodetic Reference System 1967 (GRS 67) formula from the observed values. The map is on a Lambert Conformal Projection with standard parallels of 49°N and 77°N at a scale of 1 million."
651 5|aBaffin Bay|xMaps.
651 5|aDavis Strait|xMaps.
651 6|aBaffin, Baie de|xCartes.
651 6|aDavis, Détroit de|xCartes.
655 7|aGeological maps|2lcgft
655 7|aDigital maps|2lcgft
655 7|aCartes géologiques|2rvmgf
655 7|aCartes géographiques numériques|2rvmgf
7001 |aSrivastava, S. P. |q(Surat Prasad), |d1937- |ecartographer.
830#0|aOpen file (Geological Survey of Canada)|v839.|w(CaOODSP)9.832719
85640|qPDF|s8.14 MB|uhttps://publications.gc.ca/collections/collection_2026/rncan-nrcan/m183-2/M183-2-839-1-eng.pdf|zSheet 1
85640|qPDF|s7.27 MB|uhttps://publications.gc.ca/collections/collection_2026/rncan-nrcan/m183-2/M183-2-839-2-eng.pdf|zSheet 2
8564 |qHTML|sN/A|uhttps://doi.org/10.4095/129651|zMap